| 000 | 00712nam a2200229 i 4500 | ||
|---|---|---|---|
| 001 | 37490 | ||
| 003 | ES-MaACL | ||
| 005 | 20240228213518.0 | ||
| 007 | t| | ||
| 008 | 030307s1971 sp ||||1| spa d | ||
| 080 | _a946"1571/1700" | ||
| 100 | 1 |
_aCánovas del Castillo, Antonio, _d1828-1897 _934600 |
|
| 245 | 1 | 3 |
_aLa Casa de Austria / _cAntonio Cánovas del Castillo. |
| 260 |
_aBarcelona : _bMarte, _c1971. |
||
| 300 |
_a310 p. ; _c18 cm. |
||
| 490 | 1 |
_aLibros satélite ; _v6 |
|
| 600 | 3 | 4 |
_aAustria, Casa de. _923964 |
| 651 | 4 |
_aEspaña- _xHistoria- _y1516-1700, Casa de Austria _98228 |
|
| 830 | 1 |
_aLibros satélite ; _v6 _9226528 |
|
| 852 |
_aES-MaACL _jC-40329 |
||
| 999 |
_c37490 _d37490 |
||